000 00302nam a22001337a 4500
008 170512b xxu||||| |||| 00| 0 eng d
020 _a9780393318883
041 _aeng
080 _a94
100 _a16
101 _aSHH
245 _aTHE WEALTH AND POVERTY OF NATIONS
_cLANDES,D.S
942 _2udc
_cBK
999 _c13306
_d13306